| 000 | 01383cam a2200289 i 4500 | ||
|---|---|---|---|
| 001 | 18402 | ||
| 003 | DO-SdUEMH | ||
| 005 | 20260311232209.0 | ||
| 007 | ta | ||
| 008 | 260311s2007 dr a|||gr|||||0|0 ||spa|d | ||
| 040 |
_aDO-SdUEMH _bspa _erda |
||
| 041 | _aspa | ||
| 082 |
_mRD _a362.1969792 _bR426p |
||
| 110 | 1 |
_aRepública Dominicana. _bConsejo Presidencial del SIDA _93522 |
|
| 245 | 1 | 0 |
_aPlan operativo bienal 2007-2008 : _bRepública Dominicana, 2007 / _cConsejo Presidencial del SIDA (COPRESIDA) |
| 264 | 1 |
_aSanto Domingo, República Dominicana : _bConsejo Presidencial del SIDA (COPRESIDA), _c2007 |
|
| 300 |
_a64 páginas ; _c23 cm |
||
| 336 |
_2rdacontent _atexto _btxt |
||
| 337 |
_2rdamedia _asin mediación _bn |
||
| 338 |
_2rdacarrier _avolumen _bnc |
||
| 490 | 0 |
_aPlan Estratégico Nacional (PEN) para la Prevención y el Control de las ITS, VIH y SIDA 2007-2015 ; _v4 |
|
| 500 | _aRealizado con el apoyo del Programa Respuesta Nacional frente al VIH/SIDA (Donación No. DMR-202-GO1H-00) y The Global Fund. | ||
| 505 | 2 | _aAbordaje estratégico a la epidemia -- Líneas de acción y sus indicadores de resultados -- Actividades por líneas de acción -- Estimación de costos -- Anexo lista participantes. | |
| 650 | 7 |
_aSIDA _zRepública Dominicana _93523 |
|
| 650 | 4 |
_aEnfermedades de transmisión sexual _zRepública Dominicana _xPrevención _92711 |
|
| 942 |
_2ddc _cBK _n0 |
||
| 999 |
_c18402 _d18402 |
||